[Event "London league"]
[Site "?"]
[Date "1978.10.11"]
[Round "?"]
[White "Stebbings, A."]
[Black "Lemon, R."]
[Result "1/2-1/2"]
[WhiteElo "2272"]
[BlackElo "2128"]
[PlyCount "120"]
[EventDate "1978.??.??"]

1. e4 c5 2. Nf3 e6 3. d4 cxd4 4. Nxd4 a6 5. Nc3 Qc7 6. Bd3 Nc6 7. Be3 b5 8. O-O
Bb7 9. Nb3 Nf6 10. f4 d6 11. Qf3 Be7 12. a4 b4 13. Ne2 O-O 14. g4 d5 15. e5 Ne4
16. Ng3 Na5 17. Nxe4 dxe4 18. Bxe4 Bxe4 19. Qxe4 Nc4 20. Bd4 Rfd8 21. Rfd1 Rac8
22. Rd3 Rd5 23. Kh1 Rcd8 24. Rad1 g6 25. Nc1 Na5 26. c3 b3 27. Be3 Nc4 28. Nxb3
Rxd3 29. Rxd3 Rxd3 30. Qxd3 Qc6+ 31. Kg1 Nxb2 32. Qd4 Nxa4 33. c4 Qb7 34. Nd2
Nc5 35. Qc3 Bf8 36. Qd4 Be7 37. Qc3 Qc6 38. Qb4 Qc7 39. Qb2 Qd8 40. h3 Bf8 41.
Kg2 Qd3 42. Kf2 a5 43. Qd4 Qc2 44. Qd8 Ne4+ 45. Kf3 Nxd2+ 46. Qxd2 Qxd2 47.
Bxd2 a4 48. Ke4 Bc5 49. Kd3 Kf8 50. Bc3 Ke7 51. Bd4 Ba3 52. Be3 Kd7 53. c5 h5
54. Kc4 Kc6 55. gxh5 gxh5 56. h4 Bb2 57. Kb4 a3 58. Kb3 Kb5 59. Ka2 Bc3 60.
Kxa3 Be1 1/2-1/2

[Event "Tournament: Guernsey Open"]
[Site "?"]
[Date "1978.10.15"]
[Round "?"]
[White "Stebbings, A."]
[Black "Oosterhuis, S."]
[Result "1-0"]
[WhiteElo "2272"]
[BlackElo "1776"]
[PlyCount "51"]
[EventDate "1978.??.??"]

1. e4 e5 2. Nf3 Nc6 3. Bb5 a6 4. Ba4 Nf6 5. O-O Be7 6. Re1 b5 7. Bb3 d6 8. c3
Na5 9. Bc2 c5 10. d4 exd4 11. cxd4 O-O 12. Nbd2 Nd7 13. Nf1 Bf6 14. dxc5 dxc5
15. e5 Be7 16. Qd3 g6 17. Bh6 Re8 18. e6 fxe6 19. Qe4 Nb6 20. h4 Qd5 21. Qf4
Bf8 22. Be4 Qh5 23. Bxf8 Rxf8 24. Qc7 Nac4 25. Ng3 Nd5 26. Qc6 1-0

[Event "Tournament: Guernsey Open"]
[Site "?"]
[Date "1978.10.16"]
[Round "?"]
[White "Weinrich, H."]
[Black "Stebbings, A."]
[Result "0-1"]
[WhiteElo "1960"]
[BlackElo "2272"]
[PlyCount "62"]
[EventDate "1978.??.??"]

1. e4 c5 2. Nf3 e6 3. d4 cxd4 4. Nxd4 Nc6 5. Nc3 a6 6. Be2 Qc7 7. O-O Nf6 8.
Be3 Bb4 9. Na4 O-O 10. Nxc6 bxc6 11. Nb6 Rb8 12. Nxc8 Rfxc8 13. Bf3 d5 14. exd5
cxd5 15. c3 Bd6 16. Qd2 Bxh2+ 17. Kh1 Be5 18. Rfc1 h6 19. g4 Ne8 20. Kg2 Nd6
21. Bd4 Nc4 22. Bxe5 Qxe5 23. Qe2 Qxe2 24. Bxe2 Rxb2 25. Bxc4 Rxc4 26. Kg3 Ra4
27. Rcb1 Raxa2 28. Rxb2 Rxa1 29. Kf3 g6 30. Ke3 a5 31. Rb8+ Kg7 0-1

[Event "Tournament: Guernsey Open"]
[Site "?"]
[Date "1978.10.17"]
[Round "?"]
[White "Stebbings, A."]
[Black "Brus, D."]
[Result "1-0"]
[WhiteElo "2272"]
[BlackElo "2000"]
[PlyCount "31"]
[EventDate "1978.??.??"]

1. e4 c5 2. Nf3 d6 3. d4 cxd4 4. Nxd4 Nf6 5. Nc3 a6 6. f4 e6 7. Be3 Be7 8. Qf3
Qc7 9. O-O-O O-O 10. g4 b5 11. g5 Nfd7 12. h4 Bb7 13. g6 hxg6 14. h5 b4 15.
hxg6 bxc3 16. Rh8+ 1-0

[Event "Tournament: Guernsey Open"]
[Site "?"]
[Date "1978.10.18"]
[Round "?"]
[White "Haase, W."]
[Black "Stebbings, A."]
[Result "1/2-1/2"]
[WhiteElo "2096"]
[BlackElo "2272"]
[PlyCount "28"]
[EventDate "1978.??.??"]

1. e4 c5 2. c3 Nf6 3. e5 Nd5 4. Bc4 e6 5. d4 cxd4 6. Bxd5 exd5 7. Qxd4 d6 8.
Qxd5 Nc6 9. exd6 Bxd6 10. Bg5 Qc7 11. Na3 Bxa3 12. bxa3 O-O 13. Ne2 Re8 14. Be3
Bg4 1/2-1/2

[Event "Tournament: Guernsey Open"]
[Site "?"]
[Date "1978.10.19"]
[Round "?"]
[White "Cichy, M."]
[Black "Stebbings, A."]
[Result "1/2-1/2"]
[WhiteElo "2048"]
[BlackElo "2272"]
[PlyCount "44"]
[EventDate "1978.??.??"]

1. d4 Nf6 2. c4 g6 3. Nc3 d5 4. cxd5 Nxd5 5. e4 Nxc3 6. bxc3 Bg7 7. Bc4 c5 8.
Ne2 Nc6 9. Be3 O-O 10. O-O Qc7 11. Rc1 Rd8 12. Qd2 b6 13. Bh6 Bh8 14. Rfd1 Bb7
15. Qe3 Qd7 16. Bd5 e6 17. Bxc6 Qxc6 18. f3 Qa4 19. e5 Rac8 20. Qg5 cxd4 21.
Nf4 Bg7 22. Bxg7 Kxg7 1/2-1/2

[Event "Tournament: Guernsey Open"]
[Site "?"]
[Date "1978.10.20"]
[Round "?"]
[White "Stebbings, A."]
[Black "Botley, G."]
[Result "1-0"]
[WhiteElo "2272"]
[BlackElo "2104"]
[PlyCount "65"]
[EventDate "1978.??.??"]

1. e4 c5 2. Nf3 e6 3. d4 cxd4 4. Nxd4 a6 5. Nc3 Qc7 6. Bd3 Nf6 7. O-O Nc6 8.
Nb3 Be7 9. f4 d6 10. Qf3 O-O 11. g4 Nd7 12. g5 g6 13. Be3 f6 14. h4 Nc5 15. Qg3
Nb4 16. Rad1 Nbxd3 17. cxd3 Nxb3 18. axb3 fxg5 19. hxg5 Rf7 20. f5 Bd7 21. fxg6
hxg6 22. Rxf7 Kxf7 23. Qh4 Rf8 24. Qh7+ Ke8 25. Qxg6+ Kd8 26. Rc1 d5 27. Ne2
Qa5 28. Nf4 d4 29. Nxe6+ Bxe6 30. Qxe6 Bc5 31. Qd5+ Ke8 32. Qe5+ Kd7 33. Bf4
1-0

[Event "Tournament: Guernsey Open"]
[Site "?"]
[Date "1978.10.21"]
[Round "?"]
[White "Berg, K."]
[Black "Stebbings, A."]
[Result "1/2-1/2"]
[WhiteElo "2120"]
[BlackElo "2272"]
[PlyCount "67"]
[EventDate "1978.??.??"]

1. e4 c5 2. Nf3 e6 3. d4 cxd4 4. Nxd4 Nc6 5. Nc3 a6 6. Be3 Qc7 7. Bd3 Nf6 8.
O-O Ne5 9. h3 Bc5 10. Qe2 d6 11. f4 Ng6 12. Nb3 Bxe3+ 13. Qxe3 b5 14. Rad1 O-O
15. Rd2 Bb7 16. e5 dxe5 17. Bxg6 hxg6 18. Qxe5 Qxe5 19. fxe5 b4 20. exf6 bxc3
21. fxg7 Kxg7 22. bxc3 Bd5 23. Rf4 Rfc8 24. Rd3 Ra7 25. Ra4 Rac7 26. Nd4 Rxc3
27. Rxa6 Rxd3 28. cxd3 Rc3 29. Kf2 Rxd3 30. Nf3 Rc3 31. a4 Rc2+ 32. Kg3 Kf6 33.
Ra7 Ra2 34. h4 1/2-1/2

[Event "Essex league"]
[Site "?"]
[Date "1978.10.23"]
[Round "?"]
[White "Stebbings, A."]
[Black "Harding, C."]
[Result "1-0"]
[WhiteElo "2272"]
[BlackElo "2048"]
[PlyCount "61"]
[EventDate "1978.??.??"]

1. d4 d5 2. c4 Nc6 3. Nc3 e6 4. Nf3 Bb4 5. Bg5 f6 6. cxd5 exd5 7. Bf4 g5 8. Bg3
h5 9. h4 g4 10. Ng1 Nge7 11. e3 Nf5 12. Bf4 Kf7 13. Bd3 Re8 14. Nge2 Nce7 15.
Qc2 Be6 16. O-O-O a6 17. e4 dxe4 18. Bxe4 Bxc3 19. Nxc3 c6 20. f3 Nd6 21. d5
cxd5 22. Bxd5 Nef5 23. Bxb7 Ra7 24. Rxd6 Rxb7 25. Rxd8 Rxd8 26. fxg4 hxg4 27.
Re1 Rb4 28. g3 Rc8 29. h5 Ng7 30. h6 Bf5 31. Qd2 1-0

[Event "London league"]
[Site "?"]
[Date "1978.10.25"]
[Round "?"]
[White "Visser, K."]
[Black "Stebbings, A."]
[Result "0-1"]
[WhiteElo "1992"]
[BlackElo "2272"]
[PlyCount "64"]
[EventDate "1978.??.??"]

1. e4 c5 2. Nf3 e6 3. d3 Nc6 4. g3 d5 5. Nbd2 Bd6 6. Bg2 Nge7 7. O-O O-O 8. Re1
Qc7 9. Qe2 f6 10. Nh4 Bd7 11. f4 Rae8 12. Nhf3 Nd4 13. Qd1 Nxf3+ 14. Nxf3 Nc6
15. c3 dxe4 16. dxe4 Rd8 17. Be3 Be8 18. Nd2 e5 19. f5 Bf7 20. Bf1 Be7 21. Qg4
Kh8 22. Bc4 Bxc4 23. Nxc4 b5 24. Na3 a6 25. Rad1 c4 26. Nc2 Rd3 27. Rxd3 cxd3
28. Na1 Na5 29. Nb3 Nc4 30. Bc1 Rd8 31. Rd1 Qb6+ 32. Kh1 Qf2 0-1

[Event "Kent league"]
[Site "?"]
[Date "1978.10.26"]
[Round "?"]
[White "Hannan, P."]
[Black "Stebbings, A."]
[Result "1/2-1/2"]
[WhiteElo "2016"]
[BlackElo "2272"]
[PlyCount "57"]
[EventDate "1978.??.??"]

1. e4 c5 2. c3 Nf6 3. e5 Nd5 4. d4 cxd4 5. cxd4 d6 6. exd6 e6 7. Nc3 Nxc3 8.
bxc3 Bxd6 9. Nf3 Nd7 10. Bd3 Qa5 11. Bd2 O-O 12. Qe2 e5 13. c4 Bb4 14. Rb1
Bxd2+ 15. Qxd2 Qxd2+ 16. Kxd2 exd4 17. Rb5 b6 18. Be4 Rb8 19. Rd5 Nf6 20. Rxd4
Nxe4+ 21. Rxe4 Bf5 22. Re7 Rfd8+ 23. Kc3 Rd7 24. Rhe1 Kf8 25. Rxd7 Bxd7 26. Nd4
Rc8 27. Re5 f6 28. Rd5 Be8 29. Nb5 1/2-1/2

[Event "National Club ch."]
[Site "?"]
[Date "1978.11.03"]
[Round "?"]
[White "Stebbings, A."]
[Black "Liberman, E."]
[Result "1/2-1/2"]
[WhiteElo "2272"]
[BlackElo "1976"]
[PlyCount "72"]
[EventDate "1978.??.??"]

1. e4 e5 2. Nf3 Nf6 3. d4 exd4 4. e5 Ne4 5. Qxd4 d5 6. exd6 Nxd6 7. Nc3 Nc6 8.
Qf4 g6 9. Bd3 Bg7 10. Be3 Be6 11. Ng5 O-O 12. Nxe6 fxe6 13. Qg4 Qf6 14. O-O Ne5
15. Qe2 Nxd3 16. Qxd3 Rad8 17. Qe2 Qe5 18. Rad1 Nf5 19. Bg5 Qxe2 20. Nxe2 Rxd1
21. Rxd1 Bxb2 22. Rb1 Be5 23. Rxb7 a6 24. g3 Nd4 25. Nxd4 Bxd4 26. Be3 Bxe3 27.
fxe3 Rf3 28. Rb3 Rf5 29. Rc3 Ra5 30. a3 c5 31. Kf2 Kf7 32. Kf3 Kf6 33. Ke4 h5
34. h4 Ra4+ 35. Kf3 Ra5 36. Kf4 Ra4+ 1/2-1/2

[Event "County match"]
[Site "?"]
[Date "1978.11.04"]
[Round "?"]
[White "Stebbings, A."]
[Black "Pagden, M."]
[Result "1/2-1/2"]
[WhiteElo "2272"]
[BlackElo "2232"]
[PlyCount "69"]
[EventDate "1978.??.??"]

1. d4 Nf6 2. c4 g6 3. Nc3 Bg7 4. e4 O-O 5. Be3 d6 6. f3 c6 7. Bd3 a6 8. e5 Nfd7
9. f4 c5 10. d5 dxe5 11. f5 gxf5 12. Bxf5 Nf6 13. Bc2 Qc7 14. h3 Ne8 15. Qh5 f5
16. g4 Nf6 17. Qh4 e6 18. dxe6 Bxe6 19. Bxf5 Bxf5 20. gxf5 Qd7 21. Nge2 Qxf5
22. O-O-O Nbd7 23. Rhf1 Qe6 24. Ng3 Ne8 25. Nd5 Kh8 26. Ne4 Rxf1 27. Rxf1 Nd6
28. Ng5 Qg6 29. Ne7 Qd3 30. Rd1 Qxe3+ 31. Kb1 h6 32. Ng6+ Kg8 33. Ne7+ Kh8 34.
Ng6+ Kg8 35. Ne7+ 1/2-1/2

[Event "Banks match"]
[Site "London"]
[Date "1978.11.07"]
[Round "?"]
[White "Stebbings, A."]
[Black "Clark, K."]
[Result "1-0"]
[WhiteElo "2272"]
[BlackElo "2128"]
[PlyCount "53"]
[EventDate "1978.??.??"]

1. e4 e5 2. Nf3 Nf6 3. d4 Nxe4 4. Bd3 d5 5. Nxe5 Bd6 6. O-O O-O 7. c4 Nc6 8.
cxd5 Nxd4 9. Bxe4 Bxe5 10. Nc3 Bf5 11. Be3 Bxe4 12. Bxd4 Bxd4 13. Qxd4 Bg6 14.
Rac1 Qd7 15. Rfd1 Rfe8 16. Qb4 a6 17. Qxb7 Reb8 18. Qc6 Qxc6 19. dxc6 Rxb2 20.
Nd5 Kf8 21. Nxc7 Rc8 22. Nxa6 Bc2 23. Rd6 Ba4 24. c7 Ke7 25. Rd4 Bb5 26. Nb4
Ke6 27. h3 1-0

[Event "Essex league"]
[Site "?"]
[Date "1978.11.13"]
[Round "?"]
[White "Stebbings, A."]
[Black "Fleury, M."]
[Result "1/2-1/2"]
[WhiteElo "2272"]
[BlackElo "2120"]
[PlyCount "68"]
[EventDate "1978.??.??"]

1. e4 d5 2. exd5 Nf6 3. c4 c6 4. d4 cxd5 5. Nc3 e6 6. Nf3 Nc6 7. c5 Be7 8. Bb5
Bd7 9. O-O O-O 10. Re1 b6 11. Bxc6 Bxc6 12. b4 Ne4 13. Qc2 Nxc3 14. Qxc3 a5 15.
a3 axb4 16. axb4 Rxa1 17. Qxa1 bxc5 18. bxc5 Qc7 19. Bg5 Bxg5 20. Nxg5 Qf4 21.
Nf3 Ra8 22. Qb2 Rb8 23. Qa3 h6 24. Qa6 Qc7 25. h3 Ra8 26. Qe2 Ra4 27. Rb1 Be8
28. g3 Qa7 29. Qe5 Kh7 30. Qb8 Ra1 31. Kg2 f6 32. Qxa7 Rxa7 33. Rb6 Re7 34. Rd6
Bb5 1/2-1/2

[Event "Banks match"]
[Site "London"]
[Date "1978.11.21"]
[Round "?"]
[White "Stebbings, A."]
[Black "Ball, A."]
[Result "1-0"]
[WhiteElo "2272"]
[BlackElo "2024"]
[PlyCount "57"]
[EventDate "1978.??.??"]

1. e4 g6 2. d4 Bg7 3. c3 d6 4. f4 Nf6 5. Bd3 O-O 6. Nf3 c5 7. dxc5 dxc5 8. e5
Nd5 9. Be4 Nc7 10. Qe2 Nc6 11. O-O Bf5 12. Bxf5 gxf5 13. Rd1 Qc8 14. Be3 b6 15.
Na3 h6 16. Rd2 Qe6 17. Qc4 Rfd8 18. Qxe6 fxe6 19. Rad1 Rxd2 20. Rxd2 Rd8 21.
Rxd8+ Nxd8 22. Kf2 Nc6 23. Ke2 Kf7 24. Kd3 Kg6 25. Nc2 Kh5 26. h3 Nd5 27. a3 a5
28. Kc4 Nb8 29. Kb5 1-0

[Event "London league"]
[Site "?"]
[Date "1978.11.29"]
[Round "?"]
[White "Stebbings, A."]
[Black "Colston, R."]
[Result "1-0"]
[WhiteElo "2272"]
[BlackElo "2072"]
[PlyCount "67"]
[EventDate "1978.??.??"]

1. d4 Nf6 2. c4 e6 3. Nc3 Bb4 4. e3 c5 5. Nge2 b6 6. a3 cxd4 7. axb4 dxc3 8.
Nxc3 Bb7 9. Qd6 a6 10. Be2 Nc6 11. O-O Ne7 12. Rd1 O-O 13. b3 h6 14. Ba3 Nf5
15. Qd3 Re8 16. e4 Nh4 17. e5 Nh7 18. g3 Ng6 19. Qxd7 Qb8 20. f4 Ra7 21. Qd6
Qa8 22. Qxb6 Bh1 23. Qf2 Ne7 24. b5 axb5 25. Nxb5 Rxa3 26. Rxa3 Qc6 27. Rd6 Qe4
28. Bd3 Qb7 29. Ra7 Qf3 30. Qxf3 Bxf3 31. Nd4 Nc8 32. Bxh7+ Kxh7 33. Rxf7 Bh5
34. Rc7 1-0

[Event "National Club ch."]
[Site "?"]
[Date "1978.12.03"]
[Round "?"]
[White "Stebbings, A."]
[Black "Winser, W."]
[Result "1-0"]
[WhiteElo "2272"]
[BlackElo "2016"]
[PlyCount "53"]
[EventDate "1978.??.??"]

1. e4 c6 2. d4 d5 3. exd5 cxd5 4. c4 Nf6 5. Nc3 g6 6. Qb3 Bg7 7. cxd5 O-O 8. g3
e6 9. dxe6 Nc6 10. exf7+ Kh8 11. Nge2 Qe7 12. Qd1 Bg4 13. Bg2 Rad8 14. h3 Rxd4
15. Bd2 Rfd8 16. hxg4 Rxd2 17. Qxd2 Rxd2 18. Kxd2 Qxf7 19. Nf4 Nxg4 20. Bd5
Bxc3+ 21. bxc3 Qf5 22. Rae1 Nf6 23. Bb3 Ne4+ 24. Kc1 g5 25. Bc2 gxf4 26. Rxe4
Qc5 27. Rxh7+ 1-0

[Event "Eastman cup"]
[Site "London"]
[Date "1978.12.07"]
[Round "?"]
[White "Harris, R."]
[Black "Stebbings, A."]
[Result "0-1"]
[WhiteElo "2096"]
[BlackElo "2272"]
[PlyCount "79"]
[EventDate "1978.??.??"]

1. e4 c5 2. Nf3 e6 3. d4 cxd4 4. Nxd4 Nc6 5. Nc3 a6 6. Be2 Qc7 7. O-O Nf6 8.
Be3 Bb4 9. Na4 O-O 10. Nxc6 bxc6 11. c4 Bd6 12. f4 Nxe4 13. Nb6 Rb8 14. Nxc8
Rfxc8 15. Qc2 Nc5 16. f5 f6 17. Rf3 Bxh2+ 18. Kh1 Be5 19. Rb1 Qa5 20. Rh3 exf5
21. Bxc5 Qxc5 22. Qxf5 g6 23. Qxd7 Rc7 24. Qe6+ Kg7 25. b3 Re7 26. Qg4 Qd4 27.
Qf3 c5 28. Rd1 Qb2 29. Qe3 Rbe8 30. Bf3 Bb8 31. Qh6+ Kh8 32. Rf1 Qf2 33. Rg1
Bg3 34. Be4 Rg7 35. Rd1 Bf4 36. Qh4 Qxh4 37. Rxh4 Rxe4 38. g3 g5 39. Rh6 Bxg3
40. Rxf6 0-1

[Event "County match"]
[Site "?"]
[Date "1978.12.09"]
[Round "?"]
[White "Povah, N."]
[Black "Stebbings, A."]
[Result "1/2-1/2"]
[WhiteElo "2264"]
[BlackElo "2272"]
[PlyCount "42"]
[EventDate "1978.??.??"]

1. c4 Nf6 2. Nc3 d5 3. cxd5 Nxd5 4. g3 c5 5. Bg2 Nc7 6. Nf3 Nc6 7. Qa4 Bd7 8.
Qe4 Ne6 9. e3 g6 10. d4 cxd4 11. exd4 Bg7 12. O-O Nexd4 13. Nxd4 Bxd4 14. Nb5
Bf5 15. Qf4 O-O 16. Bxc6 e5 17. Qf3 bxc6 18. Nxd4 exd4 19. Bh6 Re8 20. Rfe1 Qa5
21. Red1 Rad8 1/2-1/2

[Event "London league"]
[Site "?"]
[Date "1978.12.12"]
[Round "?"]
[White "Stebbings, A."]
[Black "Reuben, S."]
[Result "1-0"]
[WhiteElo "2272"]
[BlackElo "2136"]
[PlyCount "37"]
[EventDate "1978.??.??"]

1. d4 Nf6 2. c4 e6 3. Nc3 Bb4 4. e3 b6 5. Nge2 Bb7 6. a3 Be7 7. d5 b5 8. dxe6
bxc4 9. exf7+ Kxf7 10. Nf4 d5 11. Ncxd5 Nxd5 12. Bxc4 c6 13. e4 Ba6 14. Qb3 Bg5
15. O-O Bxf4 16. Bxf4 Qb6 17. Rfd1 Bxc4 18. Qxc4 Qa6 19. Qxa6 1-0

[Event "Essex league"]
[Site "?"]
[Date "1978.12.13"]
[Round "?"]
[White "Smith, IB."]
[Black "Stebbings, A."]
[Result "1/2-1/2"]
[WhiteElo "2152"]
[BlackElo "2272"]
[PlyCount "64"]
[EventDate "1978.??.??"]

1. e4 c5 2. d4 cxd4 3. c3 dxc3 4. Nxc3 d6 5. Bc4 e6 6. Nf3 Ne7 7. Bg5 a6 8. O-O
h6 9. Be3 Ng6 10. Qe2 Be7 11. Rad1 Qc7 12. Nd4 O-O 13. f4 Nc6 14. Bb3 Bf6 15.
Kh1 b5 16. Nxc6 Qxc6 17. Nd5 Bd8 18. f5 exf5 19. exf5 Ne5 20. Rd4 Re8 21. f6 g6
22. Rh4 h5 23. Rxh5 Bg4 24. Qf2 Bxh5 25. Qf4 Ng4 26. h3 Nxf6 27. Nxf6+ Bxf6 28.
Qxf6 Rxe3 29. Qxf7+ Kh8 30. Qf6+ Kh7 31. Qf7+ Kh8 32. Qf6+ Kh7 1/2-1/2

[Event "Essex league"]
[Site "?"]
[Date "1978.12.18"]
[Round "?"]
[White "Howson, J."]
[Black "Stebbings, A."]
[Result "1/2-1/2"]
[WhiteElo "2080"]
[BlackElo "2272"]
[PlyCount "84"]
[EventDate "1978.??.??"]

1. e4 c5 2. Nf3 e6 3. b3 Nf6 4. e5 Nd5 5. c4 Nb4 6. a3 N4c6 7. Bb2 Be7 8. Bd3
d6 9. exd6 Qxd6 10. Qe2 O-O 11. O-O Nd7 12. Re1 Nf6 13. Nc3 Rd8 14. Bc2 Nd4 15.
Nxd4 Qxd4 16. Rad1 Bd7 17. Ba1 Qh4 18. Ne4 Bc6 19. Bxf6 gxf6 20. g3 Qh3 21. Qf1
Qxf1+ 22. Kxf1 f5 23. Nc3 Bf3 24. Rc1 Bg5 25. Nb1 Bxd2 26. Nxd2 Rxd2 27. Re3
Bc6 28. Rd3 Rd8 29. Rxd8+ Rxd8 30. Ke2 Kg7 31. Ke3 Rd4 32. Bd3 Kf6 33. f4 Ke7
34. Rc3 Kd6 35. Rc1 f6 36. Rc3 Be4 37. Be2 e5 38. Rc1 Bg2 39. Bd3 e4 40. Be2
Bh3 41. b4 b6 42. Rb1 a6 1/2-1/2

[Event "London league"]
[Site "?"]
[Date "1978.12.20"]
[Round "?"]
[White "Nicholson, J."]
[Black "Stebbings, A."]
[Result "1-0"]
[WhiteElo "2264"]
[BlackElo "2272"]
[PlyCount "37"]
[EventDate "1978.??.??"]

1. e4 c5 2. Nf3 e6 3. d4 cxd4 4. Nxd4 Nc6 5. Nc3 a6 6. Nxc6 bxc6 7. e5 Qc7 8.
f4 f6 9. Bd3 g6 10. O-O Bg7 11. Ne4 fxe5 12. fxe5 Qb6+ 13. Kh1 Bxe5 14. Qf3 Kd8
15. Qf8+ Kc7 16. Bf4 Qa5 17. Qg7 Bxf4 18. Rxf4 g5 19. Rff1 1-0

[Event "Essex league"]
[Site "?"]
[Date "1979.01.04"]
[Round "?"]
[White "Stebbings, A."]
[Black "Bush, S."]
[Result "1-0"]
[WhiteElo "2272"]
[BlackElo "2008"]
[PlyCount "37"]
[EventDate "1979.??.??"]

1. e4 g6 2. d4 Bg7 3. c3 b6 4. f4 Bb7 5. Bd3 f5 6. Qe2 fxe4 7. Bxe4 Bxe4 8.
Qxe4 Na6 9. f5 gxf5 10. Qxf5 Nf6 11. Nf3 c6 12. O-O Nc7 13. Bg5 O-O 14. Ne5 Ne6
15. Nxc6 Qe8 16. Bh4 Rc8 17. Nxa7 Nxd4 18. Qd3 Rc7 19. Qxd4 1-0

[Event "County match"]
[Site "?"]
[Date "1979.01.13"]
[Round "?"]
[White "Stebbings, A."]
[Black "Bennington, G."]
[Result "1-0"]
[WhiteElo "2272"]
[BlackElo "1960"]
[PlyCount "80"]
[EventDate "1979.??.??"]

1. d4 Nf6 2. c4 g6 3. Nc3 Bg7 4. e4 d6 5. f3 Nc6 6. Be3 a6 7. Nge2 Rb8 8. Rb1
O-O 9. b4 e5 10. d5 Ne7 11. g3 c6 12. Bg2 cxd5 13. cxd5 Nh5 14. O-O f5 15. b5
Bd7 16. Qb3 f4 17. Bf2 g5 18. Qa3 Bxb5 19. Nxb5 axb5 20. Rxb5 Qd7 21. Qb3 Nc8
22. Rb1 Rf7 23. g4 Nf6 24. a4 h5 25. h3 hxg4 26. hxg4 Bf8 27. a5 Rh7 28. a6 b6
29. Bxb6 Nxg4 30. fxg4 Qxg4 31. Qd3 Qh4 32. Bf2 Qh2+ 33. Kf1 Rxb5 34. Rxb5 g4
35. Bg1 Qh5 36. Rb8 f3 37. Rxc8 fxg2+ 38. Ke1 Rf7 39. a7 Qh4+ 40. Kd2 Rf1 1-0

[Event "Essex league"]
[Site "?"]
[Date "1979.01.18"]
[Round "?"]
[White "Stebbings, A."]
[Black "Rumsey, V."]
[Result "0-1"]
[WhiteElo "2272"]
[BlackElo "1968"]
[PlyCount "88"]
[EventDate "1979.??.??"]

1. d4 d5 2. c4 c6 3. Nc3 Nf6 4. Nf3 dxc4 5. a4 Bf5 6. e3 e6 7. Bxc4 Bb4 8. O-O
O-O 9. Qe2 Bg4 10. h3 Bh5 11. g4 Bg6 12. Ne5 Nfd7 13. Nxg6 hxg6 14. Rd1 a5 15.
e4 Qh4 16. Kg2 Nb6 17. Bb3 N8d7 18. e5 Qe7 19. Ne4 Nd5 20. Kg1 N7b6 21. Bd2
Bxd2 22. Qxd2 Qh4 23. Kg2 f5 24. Qg5 Qh7 25. Nc3 fxg4 26. Qxg4 Nf4+ 27. Kh2 Rf5
28. Rd2 Raf8 29. Rg1 Qh6 30. Ne4 Nbd5 31. Bd1 Nxh3 32. Qxh3 Qf4+ 33. Qg3 Qxe4
34. Bg4 Nf4 35. Bxf5 Rxf5 36. Qg4 Rh5+ 37. Kg3 g5 38. f3 Qe3 39. Rgg2 Rh4 40.
Rgf2 Rxg4+ 41. Kxg4 Nd5 42. Kg3 Qf4+ 43. Kg2 Ne3+ 44. Kg1 Nf5 0-1

[Event "London league"]
[Site "?"]
[Date "1979.01.25"]
[Round "?"]
[White "Peiris, G."]
[Black "Stebbings, A."]
[Result "0-1"]
[WhiteElo "1960"]
[BlackElo "2272"]
[PlyCount "68"]
[EventDate "1979.??.??"]

1. d4 Nf6 2. Nf3 g6 3. e3 Bg7 4. Be2 O-O 5. Nbd2 d5 6. c3 Nbd7 7. Ne5 Nxe5 8.
dxe5 Nd7 9. f4 f6 10. exf6 Nxf6 11. Nf3 c6 12. Nd2 Qb6 13. Nf1 Ne4 14. Bf3 Rxf4
15. h4 Be6 16. Qe2 Nxc3 17. bxc3 Rxf3 18. gxf3 Bxc3+ 19. Bd2 Bxa1 20. h5 Qb1+
21. Kf2 Rf8 22. hxg6 hxg6 23. Ng3 Qxa2 24. f4 Bg7 25. Kf3 d4 26. e4 Qc4 27. Qh2
Qd3+ 28. Kf2 Qxd2+ 29. Ne2 d3 30. Qh7+ Kf7 31. f5 Qxe2+ 32. Kg3 Qe3+ 33. Kg4
Qxe4+ 34. Kg3 Bxf5 0-1

[Event "National Club ch."]
[Site "?"]
[Date "1979.01.28"]
[Round "?"]
[White "Girdlestone, P."]
[Black "Stebbings, A."]
[Result "1/2-1/2"]
[WhiteElo "2056"]
[BlackElo "2272"]
[PlyCount "74"]
[EventDate "1979.??.??"]

1. e4 c5 2. Nc3 Nc6 3. f4 e6 4. Nf3 a6 5. Be2 d6 6. O-O Nge7 7. Kh1 b5 8. d4
cxd4 9. Nxd4 Nxd4 10. Qxd4 Nc6 11. Qf2 Be7 12. Be3 Qc7 13. Rad1 O-O 14. f5 Ne5
15. Qg3 Kh8 16. a3 Rb8 17. Bg5 Bxg5 18. Qxg5 f6 19. Qd2 Rd8 20. fxe6 Bxe6 21.
Nd5 Bxd5 22. exd5 Rdc8 23. Rc1 Qc5 24. Rf4 Rb7 25. Bg4 Nxg4 26. Rxg4 Re7 27. h3
Re5 28. Rd4 Rce8 29. Qb4 Qxb4 30. axb4 Re1+ 31. Rxe1 Rxe1+ 32. Kh2 Re2 33. c4
bxc4 34. Rxc4 Kg8 35. b5 axb5 36. Rb4 Rc2 37. Rxb5 Rc5 1/2-1/2

[Event "Kent league"]
[Site "?"]
[Date "1979.01.30"]
[Round "?"]
[White "Randall, S."]
[Black "Stebbings, A."]
[Result "1-0"]
[WhiteElo "1792"]
[BlackElo "2272"]
[PlyCount "73"]
[EventDate "1979.??.??"]

1. e4 c5 2. c3 Nf6 3. e5 Nd5 4. d4 cxd4 5. Bc4 Qc7 6. Qe2 Nb6 7. Bd3 Nc6 8. Nf3
e6 9. O-O dxc3 10. Nxc3 a6 11. Be3 d5 12. exd6 Bxd6 13. Rfd1 Nd7 14. Ne4 Be7
15. Rac1 O-O 16. Bb1 Nf6 17. Qc2 g6 18. Bd4 Qf4 19. Bxf6 Bxf6 20. Nxf6+ Qxf6
21. Qc3 Qxc3 22. Rxc3 Nb4 23. Be4 f5 24. Bb1 b6 25. a3 Nd5 26. Rc2 Bb7 27. Re1
Rfe8 28. Ng5 e5 29. Ba2 Rac8 30. Rd2 Rcd8 31. Red1 h6 32. Nf3 e4 33. Nh4 Re5
34. Nxg6 Re6 35. Nf4 Red6 36. Bxd5+ Bxd5 37. Rxd5 1-0

[Event "Essex league"]
[Site "?"]
[Date "1979.02.05"]
[Round "?"]
[White "Stebbings, A."]
[Black "Warren, K."]
[Result "1-0"]
[WhiteElo "2272"]
[BlackElo "1952"]
[PlyCount "101"]
[EventDate "1979.??.??"]

1. e4 e5 2. Nf3 Nc6 3. Bb5 Nf6 4. O-O d6 5. Re1 Bd7 6. c3 Be7 7. d4 O-O 8. Nbd2
Re8 9. h3 Bf8 10. a3 h6 11. b4 g6 12. d5 Nb8 13. Bxd7 Nbxd7 14. c4 Bg7 15. Nb3
Rf8 16. c5 Nh7 17. Na5 f5 18. Nxb7 Qc8 19. c6 fxe4 20. Nd2 Ndf6 21. Nxe4 Nxe4
22. Rxe4 Qf5 23. Re2 e4 24. Raa2 Nf6 25. Rad2 h5 26. Na5 g5 27. Nc4 g4 28. Ne3
Qg6 29. hxg4 hxg4 30. Bb2 Bh6 31. Re1 g3 32. Bxf6 Rxf6 33. Ng4 Raf8 34. Nxf6+
Qxf6 35. fxg3 Bxd2 36. Qxd2 Qf5 37. Qf4 Qxf4 38. gxf4 Rxf4 39. Rf1 Rg4 40. Kf2
Rf4+ 41. Ke2 Rg4 42. Ke3 Rg3+ 43. Kxe4 Rxa3 44. Kd4 Rg3 45. Ra1 Rg4+ 46. Kc3
Rxg2 47. Rxa7 Rg7 48. b5 Kf8 49. b6 Rg3+ 50. Kc4 Rg4+ 51. Kb5 1-0

[Event "Kent league"]
[Site "?"]
[Date "1979.02.06"]
[Round "?"]
[White "Purchase, A."]
[Black "Stebbings, A."]
[Result "0-1"]
[WhiteElo "1736"]
[BlackElo "2272"]
[PlyCount "70"]
[EventDate "1979.??.??"]

1. d4 Nf6 2. Nf3 g6 3. e3 Bg7 4. Nbd2 d5 5. c4 O-O 6. Be2 e6 7. O-O Nbd7 8. Re1
b6 9. b3 Bb7 10. Rb1 c5 11. Bb2 Rc8 12. cxd5 exd5 13. dxc5 bxc5 14. Ne5 Nxe5
15. Bxe5 Re8 16. Bb2 Qe7 17. Nf3 Bh6 18. Bb5 Red8 19. Qe2 Qe6 20. Ne5 Ne4 21.
f3 Nd6 22. Ng4 Bg5 23. f4 Bh4 24. g3 Be7 25. Bd3 c4 26. Bc2 c3 27. Bc1 Ne4 28.
Nf2 Bf6 29. Nxe4 dxe4 30. Rd1 Ba6 31. Qg2 Rxd1+ 32. Bxd1 Bd3 33. Bc2 Qd7 34.
Ra1 Bxc2 35. Qxc2 Qd3 0-1

[Event "Eastman cup"]
[Site "London"]
[Date "1979.02.17"]
[Round "?"]
[White "Stebbings, A."]
[Black "Pickett, L."]
[Result "1-0"]
[WhiteElo "2272"]
[BlackElo "2016"]
[PlyCount "57"]
[EventDate "1979.??.??"]

1. e4 c5 2. Nf3 Nc6 3. d4 cxd4 4. Nxd4 Nf6 5. Nc3 d6 6. f4 Bg4 7. Nf3 e5 8. h3
Bxf3 9. Qxf3 Nd4 10. Qf2 Qa5 11. Bd3 O-O-O 12. Bd2 Qb6 13. O-O d5 14. fxe5 Nxe4
15. Bxe4 dxe4 16. Nxe4 Be7 17. Be3 Qg6 18. Bxd4 Qxe4 19. Bxa7 Qxe5 20. Rae1 Qg5
21. Qxf7 Bc5+ 22. Bxc5 Qxc5+ 23. Qf2 Qxf2+ 24. Rxf2 Rd7 25. c4 Kc7 26. Re6 Rhd8
27. b3 Kb8 28. Rfe2 Ka7 29. Re7 1-0